000 00795nam a2200313 a 4500
003 AR-BaBNM
005 20251128202742.0
008 082120s2002 ||||||||||||||000 | spa||
040 _cAR-BaBNM
100 1 _aAlem, Jean-Pierre
245 0 0 _aArmenia
260 _aBuenos Aires
_bEudeba
_c1963
300 _a119 p.
_bmapas
490 0 _aBiblioteca Asia y Africa
500 _aContiene apéndice p. 108-111
504 _aBibliografía para consultar p. 117-118
650 4 _aECONOMIA
650 4 _aSOCIEDAD
650 4 _aIGLESIA
650 4 _aHISTORIA MEDIEVAL
650 4 _aHISTORIA MODERNA
650 4 _aHISTORIA ASIATICA
650 4 _aHISTORIA EUROPEA
651 4 _aRusia
651 4 _aArmenia
700 1 _aBinayán, Narciso
_etraductor
942 _cBK
998 _cmariana
999 _c406
_d406